Act. no.viii of1888 : an act to remove doubts as to the legality of the levy o certain tolls (Record no. 416844)

000 -LEADER
fixed length control field 00425cam a22001097a 4500
008 - FIXED-LENGTH DATA ELEMENTS--GENERAL INFORMATION
fixed length control field 180718b1888 xxu||||| |||| 00| 0 eng d
082 ## - DEWEY DECIMAL CLASSIFICATION NUMBER
Classification number X604x54 In2 1888
245 ## - TITLE STATEMENT
Title Act. no.viii of1888 : an act to remove doubts as to the legality of the levy o certain tolls
Statement of responsibility, etc. by Govenor General of India in Council
260 ## - PUBLICATION, DISTRIBUTION, ETC.
Place of publication, distribution, etc. Delhi
Name of publisher, distributor, etc. Govenor General of India in Council
Date of publication, distribution, etc. 1888
650 ## - SUBJECT ADDED ENTRY--TOPICAL TERM
Topical term or geographic name entry element Legal
700 ## - ADDED ENTRY--PERSONAL NAME
Personal name India.Govenor General of India
Holdings
Withdrawn status Lost status Damaged status Not for loan Permanent Location Current Location Date acquired Full call number Barcode Date last seen Price effective from Koha item type
        Indian Institute of Public Administration Indian Institute of Public Administration 2009-03-19 X604x54 In2 1888 DA633 2018-07-21 2018-07-21 DA

Powered by Koha